IFM Opac

corporate financial and other problems (Record no. 18784)

MARC details
000 -LEADER
fixed length control field 00342nam a22001097a 4500
082 ## - DEWEY DECIMAL CLASSIFICATION NUMBER
Classification number 657.3BUR
100 ## - MAIN ENTRY--PERSONAL NAME
Personal name Corporate financial reporting;ethical and other problems
245 ## - TITLE STATEMENT
Title corporate financial and other problems
260 ## - PUBLICATION, DISTRIBUTION, ETC.
Place of publication, distribution, etc. new york
Name of publisher, distributor, etc. American institute of certified public accountants,inc
Date of publication, distribution, etc. 1972
300 ## - PHYSICAL DESCRIPTION
Extent 293p.
Other physical details 28cm
942 ## - ADDED ENTRY ELEMENTS (KOHA)
Koha item type Books
Holdings
Withdrawn status Lost status Source of classification or shelving scheme Damaged status Not for loan Home library Current library Shelving location Date acquired Full call number Barcode Date last seen Price effective from Koha item type
    Dewey Decimal Classification     IFM Main Campus Library IFM Main Campus Library   08/18/2017 657.3BUR 0000010300 08/18/2017 08/18/2017 Books